000 00827nam a2200253Ia 4500
003 OSt
005 20220918165156.0
006 a|||||r|||| 00| 0
007 ta
008 220917b |||||||| |||| 00| 0 eng d
020 _a1555705154 (pbk)
_c4136.80
024 _a257,692
037 _b33859, 13/01/2012, Segment Book Distributors
_cTextual
040 _aARTS
_cARTS
_beng
041 _2eng
_aeng
082 _aT:3(D65,8(2:55)), P5
100 _aGrassian Esther S
_923043
245 0 _aLearning to lead and manage information literacy instuction
260 _aNew York
_bNeal Schuman Publishers USA
_c2005
300 _a322p.
_ccm.
650 _aEDUCATION
942 _hT:3(D65,8(2:55)), P5
_cTEXL
_2CC
999 _c128638
_d128638